00892nam a2200229 a 450000100100000000500170001000800410002704000250006808200160009310000380010924501490014726000380029630000210033449000290035550000210038470000410040570000340044683000360048004900090051695201200052599900170064500002418120200930022803.0110119s1972 ag a r 001 0 spa d aDO-SdBNPbspacBNPHU annnnbF954e1 aFuertes Jovellar, Antonio,94965710aEducación para la salud :borientación para educadores /cAntonio Fuertes Jovellar y Javier Sarria Amigot ; prólogo de Rafael Gómez Lus. aBuenos Aires :bGuadalupe,c1972. a313 p. ;c24 cm.1 aAlianza para el progreso aIncluye índice1 aGómez Lus, Rafael,epról.9496581 aSarria Amigot, Javier,949659 0aAlianza para el progreso941672 aBNGR 001052708MOaGRbGRcCTd2011-01-19iLF1l0onnnn F954ep24181-10r2020-06-25w2020-06-25y2ZPréstamo interno c23675d23675